000 00688nam a22001817a 4500
005 20251108164105.0
008 250721s1996 xx 000 0 ara d
082 1 4 _a347.99565/سوا
100 1 _aسوار، محمد وحيد الدين
245 1 0 _aالإتجاهات العامة في القانون المدني الأردني :
_bدراسة موازنة بالفقه الإسلامي و المدونات المدنية العربية /
264 1 _aعمان :
_bمكتبد دار الثقافه،
_c1996.
300 _a399ص.
650 1 7 _aالقانون المدني
650 1 7 _aالبلدان العربية
650 1 7 _aالأردن
942 _2ddc
_cBK
999 _c3377
_d3377